LEADER 01337nam a2200313 i 4500 001 000000174930 003 CaOOAMICUS 005 20081222000000.0 008 081222s2008 it u000 u ita u 013 $a152407 020 $a978-88-209-8060-3 040 $aSeMil$bita 100 0 $aBenedictus XVI,$c.$0(OLS)http://semarc/name/298 245 13$aLa singolare esperienza missionaria :$bil viaggio negli Stati Uniti /$cBenedetto 16. 260 $aCittā del Vaticano :$bLibreria Editrice Vaticana,$cCopyr. 2008. 300 $a228 p. ;$c18 cm. 500 $aDono del card. Dionigi Tettamanzi. 650 4$aBenedetto XVI - Viaggi apostolici.$0(OLS)http://semarc/subject/17079 850 $aSeMil 852 $aSeMil$W1$xVenegono$y1$m2A I 319$j125758$B125758$CSeMilBibl$Z2$F138695 $81 900 1 $aRatzinger, Joseph,$d<1927-2022>. 900 0 $aBenedetto XVI$c. 941 1 $a5 961 $aOmaggio: Tettamanzi Card. Dionigi 996 $6020$a978-88-209-8060-3$9(OLS)http://semarc/number/162996 996 $6245$aLa singolare esperienza missionaria :$bil viaggio negli Stati Uniti$9(OLS)http://semarc/title/250824 996 $6260$aCittā del Vaticano :$bLibreria Editrice Vaticana$9(OLS)http://semarc/publisher/29734 LEADER 01063nam a2200229 i 4500 001 000000074934 003 CaOOAMICUS 005 20070726000000.0 008 070726s1984 it u000 u ita u 013 $a46106 040 $aSeMil$bita 100 1 $aBārberi Squarotti, Giorgio,$d<1929-2017>.$0(OLS)http://semarc/name/1058 245 13$aIl romanzo contro la storia :$bstudi sui "Promessi Sposi" /$cGiorgio Bārberi Squarotti. 260 $aMilano :$bVita e Pensiero,$c1984 (copyr. 1980) 300 $a293 p. ;$c20 cm. 490 0 $aLetteratura e cultura dell'Italia unita ;$v12 650 4$aManzoni, Alessandro <1785-1873> . Promessi sposi.$0(OLS)http://semarc/subject/15533 830 0$aLetteratura e cultura dell'Italia unita ;$v12.$0(OLS)http://semarc/title/7012 850 $aSeMil 852 $aSeMil$W1$xVenegono$y1$m1D IV 60$j41086$B41086$CSeMilBibl$Z2$F41090 $81 996 $6245$aIl romanzo contro la storia :$bstudi sui "Promessi Sposi"$9(OLS)http://semarc/title/121557 996 $6260$aMilano :$bVita e Pensiero$9(OLS)http://semarc/publisher/29642